| 000 | 00390nam a22001335a 4500 | ||
|---|---|---|---|
| 082 |
_a627.809 _bSCH |
||
| 100 | 1 |
_aSchnitter, Nicholas J. _944090 |
|
| 245 | 1 | 2 |
_aA history of dams : _bthe useful pyramids / _cby Nicholas J. Schnitter. |
| 260 |
_aRotterdam : _bA.A. Balkema, _c1994. |
||
| 300 | _a266 p. | ||
| 526 |
_a0 _b0 _c0 _d627_809000000000000_SCH |
||
| 650 |
_aMCE. _9379 |
||
| 942 |
_2ddc _cBK |
||
| 999 |
_c547915 _d547915 |
||